Mozdzer Danielsson Fresco: Live - Outside Music/Hevhetia 2007

Bibliographic Details
Format: Article
Language:Slovak
ISSN:1210-2210
Subjects:

MARC

LEADER 00000nab a2200000 a 4500
001 vtls009494800
003 SK-MaSNL
005 20260304154143.0
008 250507c2008 xo |r|p|||||||000 b|slo
015 |a SNBRB2009/04  |2 snkbucl 
035 |a (uuid)1298d340-5c43-4cb6-af5e-83e413536715 
035 |a urn:nbn:sk:snk-abc4r1 
035 |a (urnnbn)urn:nbn:sk:snk:ar-006fc5 
038 |a SNKBUCL 
040 |a SNKBUCL  |b slo  |c SNKBUCL  |e AACR2 
041 0 |a slo 
044 |a xo  |c SK 
080 |a 785.161  |x (048)  |2 2001 
080 |a 78.071.1/.2:785.161  |x (048)  |2 2001 
245 0 0 |a Mozdzer Danielsson Fresco: Live - Outside Music/Hevhetia 2007  |c [autor] -Vaše uši- 
500 |a V rubrike CDotyky 
600 1 7 |a Moždžer, Leszek  |2 snkbucl  |9 1060827 
600 1 7 |a Danielsson, Lars  |2 snkbucl  |9 1478510 
600 1 7 |a Fresco, Zohar  |2 snkbucl  |9 1045911 
630 0 7 |a Live (nahrávka CD)  |2 snkbucl  |9 1478511 
650 0 7 |a nahrávky CD  |2 snkbucl  |9 19639 
655 7 |a recenzie  |2 snkbucl  |9 21907 
773 0 |t Dotyky  |g Roč. XX, č. 4-5 (2008), s. 116  |x 1210-2210 
850 |a Slovenská národná knižnica 
852 |a Slovenská národná knižnica 
958 |a article15 
958 |a OND 
958 |a RC 
958 |a EUIPO 
999 |c 2956422  |d 2958352